000 00620nam a2200229Ia 4500
003 OSt
005 20220918223108.0
006 a|||||r|||| 00| 0
007 ta
008 220917b |||||||| |||| 00| 0 eng d
024 _a220,431
037 _cTextual
040 _aARTS
_cARTS
_beng
041 _2eng
_aeng
082 _aY:4515.2, 152P4
100 _aHkkVh] dkUrk
_9144905
245 0 _aefgyk mRihM+u] ngst izrkM+uk rFkk ngst gR;k
260 _at;iqj]
_biksbUVj ifCy'klZ
_c2004
300 _a242i`0
_ccm.
942 _hY:4515.2, 152P4
_cTEXL
_2CC
999 _c277450
_d277450